000 00449pab a2200157 454500
008 180718b2009 xxu||||| |||| 00| 0 eng d
100 _aRedmond, Gerry
245 _aChildren as actors: how does the child perspectives literature threat agency in the context of poverty (a review article)
260 _c2009
300 _ap.541-50.
362 _aOct
650 _aPoverty
773 _aSocial Policy and Society
908 _aN
909 _a84727
999 _c84727
_d84727